Score 0/24 Timer 04:00
2 Plays Today
Hint Answer % Correct
Hank _____Aaron
98%
Babe _____Ruth
96.7%
Ty _____Cobb
95.8%
Mickey _____Mantle
95.1%
_____ MaysWillie
92.9%
_____ RyanNolan
91.2%
_____ BenchJohnny
87.5%
_____ RobinsonFrank
87.3%
Lou _____Gehrig
84.7%
Sandy _____Koufax
83%
_____ BrockLou
82.8%
Mel _____Ott
80.9%
Hint Answer % Correct
_____ RizzutoPhil
78.1%
_____ SuttonDon
69.2%
Dennis _____Eckersley
67.9%
Frank _____Thomas
59.3%
Carl _____Yastrzemski
47.4%
_____ HeilmannHarry
44.2%
_____ CoveleskiStan
44.1%
Monte _____Irvin
42.8%
_____ WheatZack
41.7%
_____ HermanBilly
34.1%
Arky _____Vaughan
31.4%
_____ 'Red' FaberUrban
19.8%

Today's Daily Dose

Word Ladder
Silence

Get the Picture
Philly Team Facts

You're not logged in!

Compare scores with friends on all Sporcle quizzes.
OR
Log In

Sporcle TV

Today on Sporcle TV


Watch our educational content, quiz creation guides, and fun videos on Sporcle TV.

Show Comments

Extras

Top Quizzes Today


Score Distribution

Your Account Isn't Verified!

In order to create a playlist on Sporcle, you need to verify the email address you used during registration. Go to your Sporcle Settings to finish the process.

Report this User

Report this user for behavior that violates our Community Guidelines.

Details: